Základy teorie pasivních systémů II. /

Main Author: Hubáček, Petr, 1972-
Corporate Author: Univerzita obrany. Fakulta vojenských technologií
Other Authors: Hoško, Eduard, 1962-
Language: Czech
Published: Brno : Univerzita obrany, 2008
Edition: Vyd. 1.
Subjects:
Online Access: Digitalizovaný dokument
Physical Description: 67 s. : il. ; 30 cm
Book
Saved in:
LEADER 02118nam a2200529 a 4500
001 nkc20091852376
003 CZ PrNK
005 20090423104009.0
007 ta
008 090122s2008 xr a e p 000 0 cze
015 |a cnb001852376 
020 |a 978-80-7231-614-4  |q (brož.) :  |c Kč 64,00 
035 |a (OCoLC)320222556 
040 |a OLA001  |b cze  |d ABA001 
072 7 |a 623  |x Vojenská technika  |2 Konspekt  |9 19 
072 7 |a 37.016  |x Učební osnovy. Vyučovací předměty. Učebnice  |2 Konspekt  |9 22 
080 |a 623.61  |2 MRF 
080 |a 621.396.96  |2 MRF 
080 |a 621.391.8  |2 MRF 
080 |a (075.8)  |2 MRF 
100 1 |a Hubáček, Petr,  |d 1972-  |7 mzk2007417621  |4 aut 
245 1 0 |a Základy teorie pasivních systémů II. /  |c autor Petr Hubáček, Eduard Hoško 
250 |a Vyd. 1. 
260 |a Brno :  |b Univerzita obrany,  |c 2008 
300 |a 67 s. :  |b il. ;  |c 30 cm 
500 |a Na obálce nad názvem: Univerzita obrany, Fakulta vojenských technologií 
500 |a Na obálce označení: S-2622/2 
500 |a Anglicko-český terminologický slovník 
500 |a 40 výt. 
504 |a Obsahuje bibliografii 
650 0 7 |a vojenská radiotechnika  |7 ph116622  |2 czenas 
650 0 7 |a radiolokace  |7 ph124989  |2 czenas 
650 0 7 |a zpracování signálů  |7 ph135694  |2 czenas 
650 0 9 |a military radio engineering  |2 eczenas 
650 0 9 |a radiolocation  |2 eczenas 
650 0 9 |a signal processing  |2 eczenas 
655 7 |a učebnice vysokých škol  |7 fd133772  |2 czenas 
655 9 |a textbooks (higher)  |2 eczenas 
700 1 |a Hoško, Eduard,  |d 1962-  |7 mzk2007386100  |4 aut 
710 2 |a Univerzita obrany.  |b Fakulta vojenských technologií  |7 olak2005266949 
856 4 1 |u http://www.digitalniknihovna.cz/mzk/uuid/uuid:294124c0-207d-11ee-95ec-5ef3fc9bb22f  |y Digitalizovaný dokument  |x NDK 
910 2 |a BOA001  |b 3-1218.631 
990 |a BK 
995 |a 01 
991 |b 200903  |c NOV 
996 6 |b 2610370292  |c 3-1218.631  |l MZK  |r Sklad / do 1 hodiny  |n 1  |p p.v.  |w 000931487  |u 000010  |a 1  |e BOA001  |j MZK50  |s P 
996 7 |b 2610370293  |c 3-1218.631  |l MZK  |r Sklad / do 1 hodiny  |n 1  |p p.v.  |w 000931487  |u 000020  |a 1  |e BOA001  |j MZK50  |s A